000 00562nam a2200157 a 4500
008 120416s1992 ||||||||||||||||| || u
050 _aQK 641 Rud
100 _aRudall, Paula
245 1 0 _aAnatomy of flowering plants: an introduction to structure and development
250 _a2nd ed.
260 _aCambridge
_bUniv. Press
_c1992
350 _a0.00
650 _aPLANTS
650 _aFlowering plants
995 _D0.00
_FCBU-MAIN LIBRARY (Kitwe)
_H1
_I7.00
_M1
_UAVAILABLE
_ZMain Library Open Access Collection
999 _c34393
_d34393